00309nam a22001217a 4500008004100000024001300041082001700054100003000071245003000101260002700131300000900158440002000167230606b xxu||||| |||| 00| 0 eng d a03050718 a348.009bCLB ccommon wealth secretariat aCommonwealth Law bulletin bTaylor & Francis group a943p n4v34x03050718